Statistiques concernant Monuments célèbres et sites naturels - Pays (choix multiples)

Cliquez ici pour prendre le quiz!

Statistiques générales

  • Ce quiz a été pris 58 fois
  • Le résultat moyen est 10 sur 15

Statistiques - réponses

QuestionRéponse% Correct
Où se situe le Grand Canyon ?Etats-Unis
98%
Où se situe le Taj Mahal ?Inde
96%
Où se situe Big Ben ?Angleterre
92%
Où se situe Pétra ?Jordanie
84%
Où se situe les temples d'Angkor ?Cambodge
78%
Où se situe la ville de Genève ?Suisse
78%
Où se situe l'île de Paques ?Chili
76%
Où se situe la Cité interdite ?Chine
73%
Où se situe le château d'Himeji ?Japon
73%
Où se situe le Piton de la Fournaise ?La Réunion (France)
69%
Où se situe les chutes d'Iguazu ?Argentine
47%
Où se situe le château de Bran ?Roumanie
43%
Où se situe le Salar d'Uyuni ?Bolivie
41%
Où se situe les chutes de Kota ?Bénin
25%
Où se situe le parc national de Kakadu ?Australie
22%

Distribution des résultats

Percentile par nombre de réponses

% des personnes avec chaque résultat

Votre développement - résultats

Vous n’avez pas pris ce quiz